Income redistribution and socio-economic develpoment

Vzťah výdavkov na sociálne zabezpečenie a úrovne socioekonomickej vyspelosti. Koeficient korelácie ukazovateľov pre 15 rozvinutých krajín sveta v čase, vrátane ČR a SR. Sociálne zabezpeč. krajiny - výdavky na politiku ochrany rodiny, seniorov a nezamestnaných - skúmané vo vzťahu k Human Development...

Descripción completa

Guardado en:
Detalles Bibliográficos
Autor principal: Mikušová Meričková, Beáta
Otros Autores: Halásková, Renáta
Formato: Capítulo de libro
Lenguaje:inglés
Materias:
Etiquetas: Agregar Etiqueta
Sin Etiquetas, Sea el primero en etiquetar este registro!

MARC

LEADER 00000naa a2200000 4500
001 0193818
005 20231129092051.9
041 0 |a eng 
044 |a CZ 
245 1 0 |a Income redistribution and socio-economic develpoment  |c Beáta Mikušová Meričková, Renáta Halásková 
520 |a Vzťah výdavkov na sociálne zabezpečenie a úrovne socioekonomickej vyspelosti. Koeficient korelácie ukazovateľov pre 15 rozvinutých krajín sveta v čase, vrátane ČR a SR. Sociálne zabezpeč. krajiny - výdavky na politiku ochrany rodiny, seniorov a nezamestnaných - skúmané vo vzťahu k Human Development Index HDI. 
610 2 0 |a redistribúcia 
610 2 0 |a príjmy 
610 2 0 |a rozvoj sociálno-ekonomický 
610 2 0 |a indexy 
610 2 0 |a výdavky na potreby sociálne 
610 2 0 |a zabezpečenie sociálne 
610 2 0 |a kompromis 
100 1 |a Mikušová Meričková, Beáta 
700 1 |a Halásková, Renáta